<?xml version="1.0" encoding="UTF-8"?>
<record
    xmlns:xsi="http://www.w3.org/2001/XMLSchema-instance"
    xsi:schemaLocation="http://www.loc.gov/MARC21/slim http://www.loc.gov/standards/marcxml/schema/MARC21slim.xsd"
    xmlns="http://www.loc.gov/MARC21/slim">

  <leader>00765cam a22001812a 4500</leader>
  <controlfield tag="001">  016069</controlfield>
  <controlfield tag="003">  AR-FADEU</controlfield>
  <controlfield tag="008">  311216n1989####xxu####################dd</controlfield>
  <datafield tag="092" ind1=" " ind2=" ">
    <subfield code="a">780.903.4</subfield>
    <subfield code="b">E56</subfield>
    <subfield code="e">REFE</subfield>
  </datafield>
  <datafield tag="245" ind1=" " ind2=" ">
    <subfield code="a">ENCICLOPEDIA Salvat de los grandes compositores</subfield>
  </datafield>
  <datafield tag="260" ind1=" " ind2=" ">
    <subfield code="a">Barcelona</subfield>
  </datafield>
  <datafield tag="260" ind1=" " ind2=" ">
    <subfield code="b">Salvat</subfield>
  </datafield>
  <datafield tag="260" ind1=" " ind2=" ">
    <subfield code="c">1989</subfield>
  </datafield>
  <datafield tag="300" ind1=" " ind2=" ">
    <subfield code="a">5 v. : il. col</subfield>
  </datafield>
  <datafield tag="500" ind1=" " ind2=" ">
    <subfield code="a">Contiene: Tomo 1. inv. 16914. Instrumentos, int&#xE9;rpretes y orquestas. -- Tomo 2. inv. 16913. M&#xFA;sica romantica. -- Tomo 3. inv. 16915. La &#xF3;pera, el posromanticismo. -- Tomo 4. inv. 16916. La m&#xFA;sica nacionalista. -- Tomo 5. inv. 16917. La m&#xFA;sica del siglo XX</subfield>
  </datafield>
  <datafield tag="650" ind1=" " ind2=" ">
    <subfield code="a">MUSICA SIGLO XIX; COMPOSITORES-SIGLO XIX; ESPA&#xD1;A; FRANCIA; ITALIA; OPERA; ENCICLOPEDIAS/REFE/</subfield>
  </datafield>
  <datafield tag="942" ind1=" " ind2=" ">
    <subfield code="c">REFE</subfield>
  </datafield>
  <datafield tag="999" ind1=" " ind2=" ">
    <subfield code="c">21827</subfield>
    <subfield code="d">21827</subfield>
  </datafield>
  <datafield tag="952" ind1=" " ind2=" ">
    <subfield code="0">0</subfield>
    <subfield code="1">0</subfield>
    <subfield code="4">0</subfield>
    <subfield code="7">0</subfield>
    <subfield code="8">REFE</subfield>
    <subfield code="a">AR-FADEU</subfield>
    <subfield code="b">AR-FADEU</subfield>
    <subfield code="c">REFE</subfield>
    <subfield code="d">2017-02-21</subfield>
    <subfield code="i">16913</subfield>
    <subfield code="l">0</subfield>
    <subfield code="o">780.903.4 E56</subfield>
    <subfield code="p">16913</subfield>
    <subfield code="r">2017-02-21 00:00:00</subfield>
    <subfield code="w">2017-02-21</subfield>
    <subfield code="y">REFE</subfield>
  </datafield>
  <datafield tag="952" ind1=" " ind2=" ">
    <subfield code="0">0</subfield>
    <subfield code="1">0</subfield>
    <subfield code="4">0</subfield>
    <subfield code="7">0</subfield>
    <subfield code="8">REFE</subfield>
    <subfield code="a">AR-FADEU</subfield>
    <subfield code="b">AR-FADEU</subfield>
    <subfield code="c">REFE</subfield>
    <subfield code="d">2017-02-21</subfield>
    <subfield code="i">16914</subfield>
    <subfield code="l">0</subfield>
    <subfield code="o">780.903.4 E56</subfield>
    <subfield code="p">16914</subfield>
    <subfield code="r">2017-02-21 00:00:00</subfield>
    <subfield code="w">2017-02-21</subfield>
    <subfield code="y">REFE</subfield>
  </datafield>
  <datafield tag="952" ind1=" " ind2=" ">
    <subfield code="0">0</subfield>
    <subfield code="1">0</subfield>
    <subfield code="4">0</subfield>
    <subfield code="7">0</subfield>
    <subfield code="8">REFE</subfield>
    <subfield code="a">AR-FADEU</subfield>
    <subfield code="b">AR-FADEU</subfield>
    <subfield code="c">REFE</subfield>
    <subfield code="d">2017-02-21</subfield>
    <subfield code="i">16915</subfield>
    <subfield code="l">0</subfield>
    <subfield code="o">780.903.4 E56</subfield>
    <subfield code="p">16915</subfield>
    <subfield code="r">2017-02-21 00:00:00</subfield>
    <subfield code="w">2017-02-21</subfield>
    <subfield code="y">REFE</subfield>
  </datafield>
  <datafield tag="952" ind1=" " ind2=" ">
    <subfield code="0">0</subfield>
    <subfield code="1">0</subfield>
    <subfield code="4">0</subfield>
    <subfield code="7">0</subfield>
    <subfield code="8">REFE</subfield>
    <subfield code="a">AR-FADEU</subfield>
    <subfield code="b">AR-FADEU</subfield>
    <subfield code="c">REFE</subfield>
    <subfield code="d">2017-02-21</subfield>
    <subfield code="i">16916</subfield>
    <subfield code="l">0</subfield>
    <subfield code="o">780.903.4 E56</subfield>
    <subfield code="p">16916</subfield>
    <subfield code="r">2017-02-21 00:00:00</subfield>
    <subfield code="w">2017-02-21</subfield>
    <subfield code="y">REFE</subfield>
  </datafield>
  <datafield tag="952" ind1=" " ind2=" ">
    <subfield code="0">0</subfield>
    <subfield code="1">0</subfield>
    <subfield code="4">0</subfield>
    <subfield code="7">0</subfield>
    <subfield code="8">REFE</subfield>
    <subfield code="a">AR-FADEU</subfield>
    <subfield code="b">AR-FADEU</subfield>
    <subfield code="c">REFE</subfield>
    <subfield code="d">2017-02-21</subfield>
    <subfield code="i">16917</subfield>
    <subfield code="l">0</subfield>
    <subfield code="o">780.903.4 E56</subfield>
    <subfield code="p">16917</subfield>
    <subfield code="r">2017-02-21 00:00:00</subfield>
    <subfield code="w">2017-02-21</subfield>
    <subfield code="y">REFE</subfield>
  </datafield>
</record>
